[Event "CZE-chT2F 1718"]
[Site "Czech Republic"]
[Date "2018.03.18"]
[Round "10.1"]
[White "Piesik, Piotr"]
[Black "Rakus, Pavel"]
[Result "1/2-1/2"]
[WhiteElo "2357"]
[BlackElo "2241"]
[PlyCount "92"]
[EventDate "2017.10.15"]
[EventType "team-tourn"]
[EventRounds "11"]
[EventCountry "CZE"]
[SourceTitle "EXT 2022"]
[Source "ChessBase"]
[SourceDate "2021.10.06"]
[SourceVersion "1"]
[SourceVersionDate "2021.10.06"]
[SourceQuality "1"]
[WhiteTeam "Frydek Mistek III"]
[BlackTeam "Benesov Dolni"]
[WhiteTeamCountry "CZE"]
[BlackTeamCountry "CZE"]

1. g3 d5 2. Bg2 Nf6 3. d3 g6 4. c4 c6 5. cxd5 cxd5 6. Nc3 Bg7 7. Bg5 e6 8. Nf3 Qb6 9. Na4 Qd6 10. Rc1 Nbd7 11. Qb3 b6 12. Bf4 e5 13. Nxe5 Nxe5 14. d4 Ne4 15. Bxe5 Bxe5 16. dxe5 Qxe5 17. Nc3 Nxc3 18. Rxc3 Be6 19. Re3 Qf5 20. Qa4+ Kf8 21. 0-0 Qf6 22. b3 Kg7 23. Rd1 Rhd8 24. Red3 Qb2 25. R3d2 Qc3 26. Qa6 Rac8 27. h4 Rc7 28. Qd3 Qxd3 29. Rxd3 Rcd7 30. Rd4 h5 31. e3 Kf6 32. Rc1 Ke5 33. b4 Kd6 34. a4 Ke5 35. f4+ Kf6 36. Kf2 Ke7 37. b5 Rd6 38. Ke2 R8d7 39. Rc8 Rd8 40. Rc3 R8d7 41. Kd2 Kd8 42. Bf3 Ke7 43. Kc1 Kd8 44. Kb2 Ke7 45. Ka3 Rd8 46. Kb4 R8d7 1/2-1/2

[Event "CZE-chT2F 1718"]
[Site "Czech Republic"]
[Date "2018.01.14"]
[Round "6.1"]
[White "Michenka, Jozef"]
[Black "Rakus, Pavel"]
[Result "1-0"]
[WhiteElo "2331"]
[BlackElo "2241"]
[PlyCount "113"]
[EventDate "2017.10.15"]
[EventType "team-tourn"]
[EventRounds "11"]
[EventCountry "CZE"]
[SourceTitle "EXT 2022"]
[Source "ChessBase"]
[SourceDate "2021.10.06"]
[SourceVersion "1"]
[SourceVersionDate "2021.10.06"]
[SourceQuality "1"]
[WhiteTeam "Havirov Banik"]
[BlackTeam "Benesov Dolni"]
[WhiteTeamCountry "CZE"]
[BlackTeamCountry "CZE"]

1. d4 Nf6 2. c4 e6 3. Nc3 Bb4 4. Nf3 0-0 5. Bg5 c5 6. dxc5 Bxc5 7. e3 b6 8. Be2 Bb7 9. 0-0 Be7 10. Qc2 d5 11. Rfd1 Nbd7 12. Rac1 Rc8 13. cxd5 Nxd5 14. Bxe7 Qxe7 15. Nxd5 exd5 16. Qa4 a6 17. Nd4 Nc5 18. Qb4 Qf6 19. Nf3 Ne4 20. Qd4 Qxd4 21. Nxd4 g6 22. g4 Rfe8 23. Kg2 Rc5 24. Bf3 Rec8 25. Rb1 Ra5 26. a3 Rac5 27. h4 Re8 28. Rbc1 Rec8 29. Rb1 Re8 30. Rbc1 Rec8 31. Rxc5 Rxc5 32. Bxe4 dxe4 33. Rd2 Bd5 34. Kg3 f6 35. g5 Kf7 36. Rc2 Rxc2 37. Nxc2 f5 38. Kf4 Ke6 39. Nd4+ Kd6 40. h5 Be6 41. h6 Bf7 42. f3 Bd5 43. fxe4 Bxe4 44. Ne2 Bc6 45. Ng3 Bd5 46. b4 b5 47. Ne2 Be4 48. Ng3 Bd5 49. Ne2 Be4 50. Nc3 Bc2 51. Ne2 Be4 52. Kg3 Bd5 53. Nf4 Bf7 54. Nd3 Bd5 55. Kf4 Be6 56. Nc5 Bc8 57. e4 1-0

[Event "CZE-chT2F 1718"]
[Site "Czech Republic"]
[Date "2017.11.19"]
[Round "3.2"]
[White "Rakus, Pavel"]
[Black "Lys, Josef"]
[Result "0-1"]
[WhiteElo "2241"]
[BlackElo "2115"]
[PlyCount "68"]
[EventDate "2017.10.15"]
[EventType "team-tourn"]
[EventRounds "11"]
[EventCountry "CZE"]
[SourceTitle "EXT 2022"]
[Source "ChessBase"]
[SourceDate "2021.10.06"]
[SourceVersion "1"]
[SourceVersionDate "2021.10.06"]
[SourceQuality "1"]
[WhiteTeam "Benesov Dolni"]
[BlackTeam "Dobra"]
[WhiteTeamCountry "CZE"]
[BlackTeamCountry "CZE"]

1. Nf3 d5 2. g3 g6 3. Bg2 Bg7 4. d4 Nf6 5. c4 c6 6. 0-0 0-0 7. cxd5 cxd5 8. Nc3 Nc6 9. Bf4 Qb6 10. b3 Bg4 11. Ne5 e6 12. Nxc6 bxc6 13. Na4 Qb4 14. a3 Qb5 15. f3 Bf5 16. Bd6 Rfd8 17. Be7 Rdb8 18. g4 Nxg4 19. fxg4 Bxg4 20. Rf2 Qxb3 21. Qxb3 Rxb3 22. Bc5 Bh6 23. Kh1 Be3 24. Rff1 Bxe2 25. Rfb1 Rd3 26. Rb7 Bxd4 27. Re1 Bxc5 28. Nxc5 Rxa3 29. Bxd5 cxd5 30. Rxe2 Rf3 31. Kg2 Rf4 32. Rc2 a5 33. Nxe6 fxe6 34. Rcc7 Rh4 0-1

[Event "CZE-chT1E 1718"]
[Site "Czech Republic"]
[Date "2017.10.22"]
[Round "1.1"]
[White "Slepov, Kyryl"]
[Black "Rakus, Pavel"]
[Result "1/2-1/2"]
[WhiteElo "2107"]
[BlackElo "2241"]
[PlyCount "56"]
[EventDate "2017.10.22"]
[EventType "team-tourn"]
[EventRounds "11"]
[EventCountry "CZE"]
[SourceTitle "CBM 181 Extra"]
[Source "ChessBase"]
[SourceDate "2017.12.12"]
[SourceVersion "1"]
[SourceVersionDate "2017.12.12"]
[SourceQuality "1"]
[WhiteTeam "Brno Lokomotiva"]
[BlackTeam "Opava KVS"]
[WhiteTeamCountry "CZE"]
[BlackTeamCountry "CZE"]

1. Nf3 d5 2. c4 c6 3. Qc2 Nf6 4. g3 g6 5. Bg2 Bg7 6. 0-0 0-0 7. d4 dxc4 8. Qxc4 Qb6 9. Nbd2 Na6 10. a3 Be6 11. Qc2 c5 12. Ng5 cxd4 13. Nxe6 Qxe6 14. Nb3 Nd7 15. Bxb7 Rab8 16. Qc6 Rxb7 17. Qxb7 Rb8 18. Nxd4 Bxd4 19. Qf3 Nac5 20. Rd1 Bxb2 21. Rb1 Be5 22. Rxb8+ Bxb8 23. Be3 Qb3 24. Rd2 Bd6 25. Qa8+ Kg7 26. Qxa7 Qb1+ 27. Kg2 Qe4+ 28. Kg1 Qb1+ 1/2-1/2

[Event "CZE-chT1E 1617"]
[Site "Czech Republic"]
[Date "2017.01.22"]
[Round "6.4"]
[White "Rakus, Pavel"]
[Black "Mudrak, Josef"]
[Result "1-0"]
[WhiteElo "2189"]
[BlackElo "2299"]
[PlyCount "147"]
[EventDate "2016.10.16"]
[EventType "team-tourn"]
[EventRounds "11"]
[EventCountry "CZE"]
[SourceTitle "CBM 177 Extra"]
[Source "ChessBase"]
[SourceDate "2017.04.27"]
[SourceVersion "1"]
[SourceVersionDate "2017.04.27"]
[SourceQuality "1"]
[WhiteTeam "Opava KVS"]
[BlackTeam "Kromeriz"]
[WhiteTeamCountry "CZE"]
[BlackTeamCountry "CZE"]

1. e4 e5 2. Nf3 Nc6 3. Bc4 Nf6 4. d3 Be7 5. 0-0 0-0 6. Re1 h6 7. c3 a6 8. Bb3 Re8 9. Nbd2 Bf8 10. Nf1 d5 11. exd5 Nxd5 12. d4 e4 13. Ne5 f6 14. Qh5 Nce7 15. Qf7+ Kh7 16. Bxd5 Nxd5 17. Qg6+ Kg8 18. Nf7 Qd7 19. Nxh6+ Kh8 20. Nf5 Re6 21. N5g3 Kg8 22. Rxe4 Rxe4 23. Nxe4 Qf5 24. Qe8 b5 25. Nfg3 Qe6 26. Qg6 Bd7 27. Qh5 a5 28. Bd2 Be8 29. Qf3 Nb6 30. Re1 Qxa2 31. Nxf6+ gxf6 32. Qg4+ Kh8 33. Rxe8 Rxe8 34. Qh5+ Kg8 35. Qg6+ Bg7 36. Qxe8+ Kh7 37. Qh5+ Kg8 38. Qxb5 Nc4 39. Bc1 Kh7 40. b3 Nd6 41. Qh5+ Kg8 42. Qd5+ Kh7 43. Nf1 Qa1 44. Bd2 f5 45. c4 Bxd4 46. Qxa5 Qxa5 47. Bxa5 Ne4 48. Ne3 f4 49. Ng4 c5 50. Kf1 Kg6 51. f3 Ng5 52. Bd2 Kf5 53. Ke2 Ne6 54. Kd3 Bg7 55. Bc3 Bf8 56. h4 Nd8 57. h5 Nf7 58. h6 Bxh6 59. Nxh6+ Nxh6 60. b4 cxb4 61. Bxb4 Ke5 62. Bc3+ Kd6 63. Ke4 Kc5 64. Kxf4 Kxc4 65. Bg7 Nf7 66. Bf8 Kd3 67. g4 Ke2 68. Be7 Nh8 69. Ke4 Kf2 70. f4 Ng6 71. Bc5+ Kg3 72. f5 Nh8 73. g5 Kg4 74. g6 1-0

[Event "CZE-chT2F 1617"]
[Site "Czech Republic"]
[Date "2016.12.11"]
[Round "5.3"]
[White "Tustanowski, Robert"]
[Black "Rakus, Pavel"]
[Result "1/2-1/2"]
[WhiteElo "2214"]
[BlackElo "2189"]
[PlyCount "56"]
[EventDate "2016.10.09"]
[EventType "team-tourn"]
[EventRounds "11"]
[EventCountry "CZE"]
[SourceTitle "EXT 2022"]
[Source "ChessBase"]
[SourceDate "2021.10.06"]
[SourceVersion "1"]
[SourceVersionDate "2021.10.06"]
[SourceQuality "1"]
[WhiteTeam "Vrbno pod Pradedem"]
[BlackTeam "Benesov Dolni"]
[WhiteTeamCountry "CZE"]
[BlackTeamCountry "CZE"]

1. e4 c5 2. Nf3 Nc6 3. Bb5 g6 4. Bxc6 dxc6 5. h3 Bg7 6. d3 e5 7. 0-0 Ne7 8. Nc3 0-0 9. Nh2 Be6 10. Qe2 Qc7 11. f4 exf4 12. Bxf4 Qb6 13. Rab1 c4+ 14. Kh1 cxd3 15. cxd3 Rad8 16. Nf3 Qa6 17. Rbd1 Rfe8 18. Ng5 c5 19. Qf3 Qc6 20. Qf2 h6 21. Nxe6 fxe6 22. Qg3 g5 23. Be5 Ng6 24. Bf6 Rd7 25. Qg4 Rf8 26. Bxg7 Kxg7 27. Rxf8 Kxf8 28. Rf1+ Rf7 1/2-1/2

[Event "CZE-chT2F 1617"]
[Site "Czech Republic"]
[Date "2016.11.13"]
[Round "3.2"]
[White "Rakus, Pavel"]
[Black "Tymrakiewicz, Rafal"]
[Result "1-0"]
[WhiteElo "2189"]
[BlackElo "2270"]
[PlyCount "159"]
[EventDate "2016.10.09"]
[EventType "team-tourn"]
[EventRounds "11"]
[EventCountry "CZE"]
[SourceTitle "EXT 2022"]
[Source "ChessBase"]
[SourceDate "2021.10.06"]
[SourceVersion "1"]
[SourceVersionDate "2021.10.06"]
[SourceQuality "1"]
[WhiteTeam "Benesov Dolni"]
[BlackTeam "Trinec II"]
[WhiteTeamCountry "CZE"]
[BlackTeamCountry "CZE"]

1. Nf3 Nf6 2. g3 g6 3. Bg2 Bg7 4. 0-0 0-0 5. c4 d6 6. d4 Nc6 7. d5 Nb8 8. Nc3 e5 9. dxe6 fxe6 10. Bg5 Nc6 11. Nd4 Bd7 12. Nxc6 Bxc6 13. Bxc6 bxc6 14. Qa4 Qd7 15. Rad1 c5 16. Qc2 Qc6 17. b3 Nd7 18. Bc1 Rf7 19. Bb2 Raf8 20. Nb5 Bxb2 21. Qxb2 a6 22. Nc3 Ne5 23. f4 Ng4 24. Qd2 Nf6 25. Qd3 Nd7 26. e4 Qb7 27. Qe2 Qc8 28. Rde1 e5 29. f5 gxf5 30. exf5 Nf6 31. h3 Rg7 32. Kh2 Qa8 33. Ne4 a5 34. Qf3 Nxe4 35. Rxe4 a4 36. g4 Qd8 37. Re3 axb3 38. axb3 Qg5 39. Re4 Kh8 40. Qe2 Rf6 41. Qe3 h6 42. Qxg5 hxg5 43. h4 Rh7 44. h5 Kg7 45. Ra1 Rf8 46. Ra7 Kf6 47. Re3 Rb8 48. Kg2 Re7 49. Ra2 Ree8 50. Ra7 Re7 51. Ra1 Rbe8 52. Rae1 Ra8 53. Kf3 Ra2 54. R3e2 Ra3 55. Rb1 c6 56. Ke4 Rb7 57. Rd2 Ke7 58. h6 Rbxb3 59. Rxb3 Rxb3 60. Rh2 Rb8 61. h7 Rh8 62. Rh6 Kd7 63. Rh5 Ke7 64. Rh2 Kf6 65. Rh5 Kf7 66. Rh6 Ke7 67. f6+ Ke6 68. f7+ Kxf7 69. Rxd6 Re8 70. Rxc6 Kg7 71. Rxc5 Kxh7 72. Rxe5 Rc8 73. c5 Kg6 74. Kd5 Rd8+ 75. Kc4 Rd1 76. c6 Kf6 77. Re4 Rc1+ 78. Kb5 Rb1+ 79. Kc5 Kf7 80. c7 1-0

[Event "CZE-chT1E 1516"]
[Site "Czech Republic"]
[Date "2016.03.20"]
[Round "10.6"]
[White "Rakus, Pavel"]
[Black "Sochorova, Petra"]
[Result "1-0"]
[WhiteElo "2110"]
[BlackElo "2171"]
[PlyCount "109"]
[EventDate "2015.10.11"]
[EventType "team-tourn"]
[EventRounds "11"]
[EventCountry "CZE"]
[SourceTitle "EXT 2017"]
[Source "ChessBase"]
[SourceDate "2016.10.25"]
[SourceVersion "1"]
[SourceVersionDate "2016.10.25"]
[SourceQuality "1"]
[WhiteTeam "Opava "]
[BlackTeam "Brno Lokomotiva"]
[WhiteTeamCountry "CZE"]
[BlackTeamCountry "CZE"]

1. Nf3 c5 2. g3 d6 3. Bg2 e5 4. d3 Nc6 5. 0-0 h6 6. c4 Nf6 7. Nc3 Be7 8. Rb1 0-0 9. a3 Be6 10. e4 Qd7 11. b4 Bg4 12. Be3 Nd4 13. bxc5 Bxf3 14. Bxf3 dxc5 15. Bg2 Rad8 16. Nd5 Nxd5 17. exd5 b6 18. f4 exf4 19. Bxf4 Bd6 20. Bd2 Rde8 21. Rf2 Re7 22. Be4 Rfe8 23. Kh1 Qh3 24. Bg2 Qd7 25. Be4 Qh3 26. Qf1 Qd7 27. Qg2 Qa4 28. Ra1 Nb3 29. Raf1 Nxd2 30. Rxd2 Qxa3 31. Qh3 Qc3 32. Rdf2 Rxe4 33. dxe4 Qxc4 34. Qd7 Qxe4+ 35. Kg1 Qe7 36. Rxf7 Qe3+ 37. Kg2 Qe2+ 38. R1f2 Qe4+ 39. Kh3 Bf8 40. d6 h5 41. R7f4 Qg6 42. Rd2 Re4 43. Qf5 Qxf5+ 44. Rxf5 Re8 45. d7 Rd8 46. Re5 Kf7 47. Rf2+ Kg6 48. Rxf8 Rxd7 49. Re6+ Kh7 50. Rc6 g6 51. Rff6 Rg7 52. Kh4 Rb7 53. Rxg6 b5 54. Kxh5 c4 55. Rh6+ 1-0

[Event "CZE-chT2F 1516"]
[Site "Czech Republic"]
[Date "2016.02.07"]
[Round "7.42"]
[White "Rakus, Pavel"]
[Black "Cagasik, Tomas"]
[Result "1-0"]
[WhiteElo "2188"]
[BlackElo "2145"]
[PlyCount "99"]
[EventDate "2015.10.18"]
[EventType "team-tourn"]
[EventRounds "11"]
[EventCountry "CZE"]
[SourceTitle "EXT 2022"]
[Source "ChessBase"]
[SourceDate "2021.10.06"]
[SourceVersion "1"]
[SourceVersionDate "2021.10.06"]
[SourceQuality "1"]
[WhiteTeam "Benesov Dolni"]
[BlackTeam "Kromeriz Slavia II"]
[WhiteTeamCountry "CZE"]
[BlackTeamCountry "CZE"]

1. Nf3 d5 2. g3 c6 3. Bg2 Bf5 4. 0-0 h6 5. b3 Nf6 6. Bb2 Nbd7 7. d3 e6 8. Nbd2 Bc5 9. e4 Bh7 10. Qe2 0-0 11. e5 Ne8 12. d4 Be7 13. c4 a5 14. a3 Qb6 15. c5 Qa6 16. Qxa6 Rxa6 17. Rfc1 f6 18. Re1 Nc7 19. Bf1 Ra7 20. b4 fxe5 21. dxe5 Rfa8 22. Nb3 axb4 23. axb4 Ra4 24. Bc3 Ra3 25. Nfd4 b6 26. cxb6 Nxb6 27. Nxc6 Rxb3 28. Nxe7+ Kf7 29. Bd4 Rxb4 30. Nc6 Rb3 31. Rec1 Rxa1 32. Rxa1 Nc8 33. Bh3 Rb1+ 34. Rxb1 Bxb1 35. Bc5 Bf5 36. g4 Be4 37. Bd6 Ne8 38. Nd8+ Kg6 39. Bb4 Na7 40. Bc5 Nb5 41. Nxe6 Nec7 42. Nxc7 Nxc7 43. f4 h5 44. gxh5+ Kxh5 45. Bd7 d4 46. Bxd4 Nd5 47. Kf2 g6 48. h3 Kh4 49. Bg4 Bf5 50. Kf3 1-0

[Event "CZE-chT2F 1516"]
[Site "Czech Republic"]
[Date "2015.11.08"]
[Round "2.63"]
[White "Rakus, Pavel"]
[Black "Parak, Dominik"]
[Result "1-0"]
[WhiteElo "2188"]
[BlackElo "2106"]
[PlyCount "73"]
[EventDate "2015.10.18"]
[EventType "team-tourn"]
[EventRounds "11"]
[EventCountry "CZE"]
[SourceTitle "EXT 2022"]
[Source "ChessBase"]
[SourceDate "2021.10.06"]
[SourceVersion "1"]
[SourceVersionDate "2021.10.06"]
[SourceQuality "1"]
[WhiteTeam "Benesov Dolni"]
[BlackTeam "Vsetin"]
[WhiteTeamCountry "CZE"]
[BlackTeamCountry "CZE"]

1. Nf3 Nf6 2. c4 e6 3. d4 d5 4. Nc3 Be7 5. Bf4 0-0 6. e3 c6 7. Bd3 Nbd7 8. 0-0 Nh5 9. Bg3 Nxg3 10. hxg3 dxc4 11. Bxc4 b5 12. Bd3 Bb7 13. Rc1 a6 14. Ne4 f5 15. Nc5 Nxc5 16. dxc5 Qd5 17. Bc2 Rad8 18. Bb3 Qe4 19. Qc2 Bf6 20. Nd2 Qe5 21. Nf3 Qe4 22. Nd2 Qe5 23. Rfd1 Kh8 24. Rb1 Bc8 25. Nf3 Qc7 26. e4 f4 27. g4 e5 28. g5 Be7 29. Qc3 Rxd1+ 30. Rxd1 Bg4 31. g6 Bxf3 32. Qxf3 h6 33. Qh3 Qa5 34. Qe6 Bxc5 35. Qxe5 Qb6 36. Rd7 Rf6 37. Qxf6 1-0

[Event "Bohuslavice op rap 30th"]
[Site "Bohuslavice"]
[Date "2015.04.18"]
[Round "3"]
[White "Plat, Vojtech"]
[Black "Rakus, Pavel"]
[Result "1-0"]
[WhiteElo "2443"]
[BlackElo "2187"]
[PlyCount "45"]
[EventDate "2015.04.18"]
[EventType "swiss (rapid)"]
[EventRounds "9"]
[EventCountry "CZE"]
[SourceTitle "CBM 166 Extra"]
[Source "ChessBase"]
[SourceDate "2015.06.18"]
[SourceVersion "1"]
[SourceVersionDate "2015.06.18"]
[SourceQuality "1"]

1. e4 c5 2. Nf3 Nc6 3. c3 d5 4. exd5 Qxd5 5. d4 Bg4 6. Be2 e6 7. h3 Bh5 8. c4 Qd7 9. d5 exd5 10. cxd5 Bxf3 11. Bxf3 Nd4 12. 0-0 Bd6 13. Nc3 Ne7 14. Be3 Nxf3+ 15. Qxf3 0-0 16. Ne4 Nxd5 17. Rad1 Nxe3 18. fxe3 Qb5 19. Nxd6 Qxb2 20. Qd5 Rad8 21. Rxf7 Rxf7 22. Qxf7+ Kh8 23. Qe6 1-0

[Event "CZE-chT1E 1415"]
[Site "Czech Republic"]
[Date "2015.01.18"]
[Round "6.6"]
[White "Rakus, Pavel"]
[Black "Kubik, Michael"]
[Result "0-1"]
[WhiteElo "2187"]
[BlackElo "2177"]
[PlyCount "80"]
[EventDate "2014.10.19"]
[EventType "team-tourn"]
[EventRounds "11"]
[EventCountry "CZE"]
[SourceTitle "EXT 2016"]
[Source "ChessBase"]
[SourceDate "2015.10.08"]
[SourceVersion "1"]
[SourceVersionDate "2015.10.08"]
[SourceQuality "1"]
[WhiteTeam "Opava"]
[BlackTeam "Beskydy Chess School"]
[WhiteTeamCountry "CZE"]
[BlackTeamCountry "CZE"]

1. Nf3 Nf6 2. c4 g6 3. g3 Bg7 4. Bg2 d6 5. d4 0-0 6. b3 c5 7. e3 Nc6 8. Bb2 Bf5 9. 0-0 Qc8 10. Nc3 Ne4 11. Qe2 Re8 12. Nxe4 Bxe4 13. d5 Nb4 14. Bxg7 Kxg7 15. a3 Na6 16. Nd2 Bxg2 17. Kxg2 b5 18. cxb5 Nc7 19. e4 Qb7 20. a4 a6 21. bxa6 Rxa6 22. Qd3 Rb6 23. Rfb1 Rb4 24. Nc4 Qa6 25. h4 h5 26. Ra3 e6 27. dxe6 Rxe6 28. Rd1 Qc6 29. f3 Kg8 30. Rd2 Kg7 31. Raa2 Kg8 32. Rac2 Ne8 33. a5 Qb5 34. Rc3 Qa6 35. Kh2 Nc7 36. f4 Nb5 37. f5 gxf5 38. exf5 Re1 39. Rcc2 Qc6 40. Qd5 Re2+ 0-1

[Event "CZE-chT2F 1112"]
[Site "Czech Republic"]
[Date "2012.02.19"]
[Round "8.53"]
[White "Rakus, Pavel"]
[Black "Ockay, Tomas"]
[Result "1/2-1/2"]
[WhiteElo "2141"]
[BlackElo "2177"]
[PlyCount "77"]
[EventDate "2011.10.09"]
[EventType "team-tourn"]
[EventRounds "11"]
[EventCountry "CZE"]
[SourceTitle "EXT 2013"]
[Source "ChessBase"]
[SourceDate "2012.11.22"]
[SourceVersion "1"]
[SourceVersionDate "2012.11.22"]
[SourceQuality "1"]
[WhiteTeam "Dolni Benesov"]
[BlackTeam "Poruba VOKD"]
[WhiteTeamCountry "CZE"]
[BlackTeamCountry "CZE"]

1. Nf3 f5 2. d4 Nf6 3. c4 e6 4. g3 Be7 5. Bg2 0-0 6. 0-0 c6 7. b3 d5 8. e3 Bd7 9. Nbd2 Be8 10. Ne5 Bh5 11. Qc2 Nbd7 12. f4 Kh8 13. Ndf3 Bxf3 14. Bxf3 Nxe5 15. fxe5 Ne4 16. Bxe4 fxe4 17. Bd2 Qd7 18. c5 Rxf1+ 19. Rxf1 Rf8 20. Qd1 Kg8 21. Qg4 Rxf1+ 22. Kxf1 Bd8 23. b4 Qf7+ 24. Ke1 h5 25. Qf4 Qe8 26. Qf1 Qg6 27. b5 Qe8 28. a4 Bg5 29. Qe2 g6 30. Kd1 Kg7 31. Qf1 Bd8 32. Qe2 Kh6 33. Qf1 g5 34. h3 Kg6 35. g4 Kg7 36. Kc2 hxg4 37. hxg4 Qf7 38. Qe2 Qd7 39. Qf1 1/2-1/2

[Event "CZE-chT2F 1112"]
[Site "Czech Republic"]
[Date "2012.01.22"]
[Round "6.64"]
[White "Novosadova, Kristyna"]
[Black "Rakus, Pavel"]
[Result "1/2-1/2"]
[WhiteElo "2055"]
[BlackElo "2141"]
[PlyCount "157"]
[EventDate "2011.10.09"]
[EventType "team-tourn"]
[EventRounds "11"]
[EventCountry "CZE"]
[SourceTitle "EXT 2013"]
[Source "ChessBase"]
[SourceDate "2012.11.22"]
[SourceVersion "1"]
[SourceVersionDate "2012.11.22"]
[SourceQuality "1"]
[WhiteTeam "Ostrava Mittal"]
[BlackTeam "Dolni Benesov"]
[WhiteTeamCountry "CZE"]
[BlackTeamCountry "CZE"]

1. e4 c5 2. Nf3 Nc6 3. d4 cxd4 4. Nxd4 Nf6 5. Nc3 e5 6. Ndb5 d6 7. Bg5 a6 8. Na3 b5 9. Nd5 Be7 10. Bxf6 Bxf6 11. c3 0-0 12. Nc2 Rb8 13. Nce3 Bg5 14. Bd3 g6 15. 0-0 f5 16. a4 f4 17. axb5 axb5 18. Nc2 f3 19. Ne1 fxg2 20. Nxg2 Kh8 21. Qe2 b4 22. Bb5 Bd7 23. Bxc6 Bxc6 24. Nxb4 Bb5 25. c4 Bd7 26. Nd5 Be6 27. Rfd1 Rb7 28. Rd3 Qb8 29. Rb1 Qa7 30. b4 Rbf7 31. Rf1 Bg4 32. Qb2 Bf3 33. Nde3 Qe7 34. c5 dxc5 35. Rd5 cxb4 36. Rxe5 Bf6 37. Rxe7 Bxb2 38. Re6 Bd4 39. Rd6 Bxg2 40. Nxg2 Rxf2 41. Rxf2 Bxf2+ 42. Kh1 b3 43. Rd1 b2 44. Rb1 Bd4 45. Ne1 Ra8 46. Nf3 Ra1 47. Nd2 Bc3 48. Kg2 Bxd2 49. Rxb2 Bf4 50. Kf3 g5 51. Kg4 Rh1 52. h3 h5+ 53. Kxh5 Rxh3+ 54. Kg6 Ra3 55. Rb6 Kg8 56. e5 Kf8 57. Kf6 Ra8 58. Rb7 Be3 59. Rd7 g4 60. Rf7+ Ke8 61. Re7+ Kd8 62. Rg7 Ra6+ 63. Kf5 Bc5 64. Rxg4 Kd7 65. Rc4 Ra5 66. Rg4 Bd6 67. Re4 Ke7 68. Re2 Bc7 69. Re4 Rc5 70. Re2 Rc1 71. Re4 Rh1 72. Rg4 Rh7 73. Rg6 Rf7+ 74. Rf6 Rh7 75. Kg6 Rh2 76. Rf7+ Kd8 77. Rf5 Rh8 78. Kg7 Re8 79. Rf8 1/2-1/2

[Event "CZE-chT2F 1112"]
[Site "Czech Republic"]
[Date "2012.01.08"]
[Round "5.13"]
[White "Rakus, Pavel"]
[Black "Sieber, Martin"]
[Result "1/2-1/2"]
[WhiteElo "2141"]
[BlackElo "2022"]
[PlyCount "91"]
[EventDate "2011.10.09"]
[EventType "team-tourn"]
[EventRounds "11"]
[EventCountry "CZE"]
[SourceTitle "EXT 2013"]
[Source "ChessBase"]
[SourceDate "2012.11.22"]
[SourceVersion "1"]
[SourceVersionDate "2012.11.22"]
[SourceQuality "1"]
[WhiteTeam "Dolni Benesov"]
[BlackTeam "Havirov II"]
[WhiteTeamCountry "CZE"]
[BlackTeamCountry "CZE"]

1. Nf3 c5 2. g3 g6 3. c4 Bg7 4. Nc3 Nc6 5. Bg2 Nf6 6. 0-0 0-0 7. d3 d6 8. Rb1 a6 9. a3 e6 10. b4 cxb4 11. axb4 d5 12. c5 d4 13. Na4 Nd5 14. Bd2 Bd7 15. e4 dxe3 16. fxe3 Na7 17. d4 Bxa4 18. Qxa4 Nb5 19. Rbc1 h5 20. Rfe1 g5 21. Red1 g4 22. Ne1 Bh6 23. Qb3 h4 24. gxh4 f5 25. Bxd5 exd5 26. Ng2 f4 27. exf4 Nxd4 28. Qd3 Bg7 29. Kh1 Nf3 30. Qg6 Qd7 31. c6 bxc6 32. Rxc6 Rac8 33. Rd6 Qa4 34. Ne3 d4 35. Rxa6 Qb3 36. Ra7 Rf7 37. Rxf7 Qxf7 38. Qxg4 Qb7 39. Nd5 Qxd5 40. Qxc8+ Kh7 41. Qc2+ d3 42. Qc5 Qe4 43. Qe3 Qd5 44. Qc5 Qe4 45. Qe3 Qd5 46. Qc5 1/2-1/2